000 00554nam a22001937a 4500
003 OSt
005 20140310182212.0
008 130906t xxu||||| |||| 00| 0 eng d
020 _a184081229X
050 _aTX 652.5
_b.G786 1999
082 _aHS 641.5
_bF37 1999
245 _aGreat rice dishes /
_cConsultant Editor: Valerie Ferguson
260 _aLondon :
_bAnness Publishing Limited,
_c1999.
300 _a64 p. :
_c20 cm.
_bcol. : ill. ;
541 _j1
562 _e1
650 _aCooking
_xRice dishes.
_916838
942 _2lcc
_cHS
_kHS
999 _c10502
_d10502